Accounting: The Basis for Business Decisions. (Record no. 1348)

MARC details
005 - DATE AND TIME OF LATEST TRANSACTION
control field 20250414063536.0
020 ## - INTERNATIONAL STANDARD BOOK NUMBER
International Standard Book Number 0-07-04-2253-2
082 ## - DEWEY DECIMAL CLASSIFICATION NUMBER
Classification number 657 MEI
100 ## - MAIN ENTRY--PERSONAL NAME
Author name MEIGS, R.F.
245 ## - TITLE STATEMENT
Title Accounting: The Basis for Business Decisions.
250 ## - EDITION STATEMENT
Edition statement 8th Ed.
260 ## - PUBLICATION, DISTRIBUTION, ETC.
Place of publication, distribution, etc. New York,
Name of publisher, distributor, etc. Mcgraw-Hill Inc,
Date of publication, distribution, etc. 1990.
300 ## - PHYSICAL DESCRIPTION
Extent xv,219p.: Ill.; figures & table
Other physical details Index
Dimensions 25cm.
700 ## - ADDED ENTRY--PERSONAL NAME
Other authors/Editors MEIGS,W.B.
942 ## - ADDED ENTRY ELEMENTS (KOHA)
Source of classification or shelving scheme Dewey Decimal Classification
Koha item type Books
Holdings
Date last seen Total checkouts Full call number Barcode Cost, replacement price Price effective from Koha item type Lost status Source of classification or shelving scheme Damaged status Not for loan Withdrawn status Home library Current library Shelving location Date acquired Cost, normal purchase price
06/27/2025   657 MEI DOM000263 30000.00 06/27/2025 Books   Dewey Decimal Classification       CBE Dodoma CBE Dodoma General Collection 07/20/1992 10000.00
04/14/2025   657 MEI 0000005196 30000.00 04/14/2025 Books   Dewey Decimal Classification       College of Business Education Main Library College of Business Education Main Library General Collection 04/14/2025 10000.00
04/14/2025   657 MEI 0000005197 30000.00 04/14/2025 Books   Dewey Decimal Classification       College of Business Education Main Library College of Business Education Main Library General Collection 04/14/2025 10000.00
04/14/2025   657 MEI 0000005198 30000.00 04/14/2025 Books   Dewey Decimal Classification       College of Business Education Main Library College of Business Education Main Library General Collection 04/14/2025 10000.00
04/14/2025   657 MEI 0000005199 30000.00 04/14/2025 Books   Dewey Decimal Classification       College of Business Education Main Library College of Business Education Main Library General Collection 04/14/2025 10000.00
04/14/2025   657 MEI 0000005200 30000.00 04/14/2025 Books   Dewey Decimal Classification       College of Business Education Main Library College of Business Education Main Library General Collection 04/14/2025 10000.00
04/14/2025   657 MEI 0000005201 30000.00 04/14/2025 Books   Dewey Decimal Classification       College of Business Education Main Library College of Business Education Main Library General Collection 04/14/2025 10000.00